[Event "GER Cup"]
[Site "Wiesbaden/Niedernhausen"]
[Date "2015.06.04"]
[Round "1.4"]
[White "Schluenss, Florian"]
[Black "Brandes, Stephan"]
[Result "1/2-1/2"]
[WhiteElo "2058"]
[BlackElo "2140"]
[PlyCount "116"]
[EventDate "2015.06.04"]
[EventType "k.o."]
[EventRounds "5"]
[EventCountry "GER"]
[SourceTitle "EXT 2017"]
[Source "ChessBase"]
[SourceDate "2016.10.25"]
[SourceVersion "1"]
[SourceVersionDate "2016.10.25"]
[SourceQuality "1"]

1. e4 c5 2. c3 Qa5 3. Nf3 Nc6 4. Be2 Nf6 5. d3 d6 6. 0-0 g6 7. a3 Bg7 8. b4 cxb4 9. cxb4 Qd8 10. Bb2 0-0 11. Nbd2 b6 12. Rc1 Bb7 13. Qb3 Rc8 14. Rfd1 e6 15. d4 d5 16. Bd3 Ne7 17. Rxc8 Qxc8 18. e5 Ne4 19. Rc1 Qd7 20. a4 Rc8 21. Rc2 Bh6 22. b5 Nf5 23. Nf1 Rxc2 24. Qxc2 Bf8 25. g4 Ng7 26. Ne3 Be7 27. Bxe4 dxe4 28. Nd2 h5 29. h3 a6 30. bxa6 Bxa6 31. Nxe4 hxg4 32. hxg4 Bb7 33. Ng3 Bc6 34. Qb3 Qa7 35. Nc4 Bd8 36. Ba3 Qxa4 37. Qxa4 Bxa4 38. Ne4 Bd1 39. Ne3 Bf3 40. Nf6+ Bxf6 41. exf6 Ne8 42. g5 Nc7 43. Nc4 Nd5 44. Ne5 Bd1 45. Kf1 Ba4 46. Ke1 Nc3 47. f3 Be8 48. Kf2 b5 49. Nd3 Bc6 50. Nb4 Bb7 51. Ke3 Nd5+ 52. Nxd5 Bxd5 53. f4 Bb3 54. Ke4 Bc2+ 55. Ke5 Bd3 56. Kd6 Be4 57. Kc5 Bd3 58. Kc6 Kh7 1/2-1/2

[Event "SVR-ch MTB 33rd"]
[Site "Mendig"]
[Date "2010.04.02"]
[Round "8"]
[White "Schluenss, Florian"]
[Black "Becker, Volker"]
[Result "1/2-1/2"]
[WhiteElo "2019"]
[BlackElo "1998"]
[PlyCount "29"]
[EventDate "2010.03.26"]
[EventType "tourn"]
[EventRounds "9"]
[EventCountry "GER"]
[SourceTitle "EXT 2011"]
[Source "ChessBase"]
[SourceDate "2010.11.26"]
[SourceVersion "1"]
[SourceVersionDate "2010.11.26"]
[SourceQuality "1"]

1. e4 e6 2. d4 d5 3. Nd2 c5 4. Ngf3 Nc6 5. c3 Nf6 6. e5 Nd7 7. Bd3 Qb6 8. dxc5 Bxc5 9. Qe2 Qc7 10. Nb3 Be7 11. Bf4 Nc5 12. Nxc5 Bxc5 13. 0-0 Bd7 14. Rac1 h6 15. Be3 1/2-1/2

[Event "SVR-ch MAT-B"]
[Site "Hoehr-Grenzhausen"]
[Date "2004.??.??"]
[Round "?"]
[White "Braemigk, Uwe"]
[Black "Schluenss, Florian"]
[Result "0-1"]
[WhiteElo "1975"]
[BlackElo "1770"]
[PlyCount "98"]
[EventDate "2004.??.??"]
[EventType "tourn"]
[EventRounds "9"]
[EventCountry "GER"]
[SourceTitle "EXT 2009"]
[Source "ChessBase"]
[SourceDate "2008.11.26"]
[SourceVersion "1"]
[SourceVersionDate "2008.11.26"]
[SourceQuality "1"]

1. e4 e6 2. d4 d5 3. e5 c5 4. c3 Nc6 5. Nf3 Nge7 6. Na3 Bd7 7. Bd3 cxd4 8. cxd4 Nb4 9. Bb1 Rc8 10. 0-0 Nec6 11. Bg5 Qb6 12. Re1 h6 13. Be3 Be7 14. Qd2 Na6 15. Rc1 0-0 16. Bxh6 Nxd4 17. Rxc8 Nxf3+ 18. gxf3 Rxc8 19. Be3 Bc5 20. Bxc5 Rxc5 21. Bd3 Nb4 22. Be2 Nc6 23. f4 a6 24. Rd1 Qb4 25. Qe3 Ra5 26. Rd2 Na7 27. Bd3 Nb5 28. Nxb5 Bxb5 29. a3 Qa4 30. b4 Bxd3 31. bxa5 Bc4 32. Qc5 Qb3 33. Qb4 Qf3 34. h3 Qxh3 35. Qe7 Qg4+ 36. Kh1 Qxf4 37. Qb4 Qxe5 38. Rb2 Qe4+ 39. Kg1 Qg4+ 40. Kh2 Qf4+ 41. Kg2 Qg4+ 42. Kh2 Qh5+ 43. Kg3 Bb5 44. f4 Bc6 45. Qd4 Qg6+ 46. Kf2 Qe4 47. Qd2 d4 48. Kg3 Qf3+ 49. Kh4 f5 0-1

[Event "SVR-ch MAT-B"]
[Site "Hoehr-Grenzhausen"]
[Date "2004.??.??"]
[Round "?"]
[White "Schluenss, Florian"]
[Black "Zirwes, Hans Juergen"]
[Result "1/2-1/2"]
[WhiteElo "1770"]
[BlackElo "1800"]
[PlyCount "47"]
[EventDate "2004.??.??"]
[EventType "tourn"]
[EventRounds "9"]
[EventCountry "GER"]
[SourceTitle "EXT 2009"]
[Source "ChessBase"]
[SourceDate "2008.11.26"]
[SourceVersion "1"]
[SourceVersionDate "2008.11.26"]
[SourceQuality "1"]

1. c4 e5 2. Nc3 Nf6 3. Nf3 Nc6 4. g3 d5 5. cxd5 Nxd5 6. d3 Bg4 7. Bg2 Nb6 8. 0-0 Be7 9. b3 0-0 10. Bb2 Re8 11. Rc1 Bf8 12. Ne4 Rb8 13. h3 Bh5 14. Ned2 f5 15. Nc4 Nxc4 16. Rxc4 e4 17. dxe4 Qxd1 18. Rxd1 fxe4 19. Nd4 Rbd8 20. g4 Bf7 21. Rcc1 Nxd4 22. Rxd4 Rxd4 23. Bxd4 c6 24. e3 1/2-1/2

[Event "SVR-ch MAT-B"]
[Site "Hoehr-Grenzhausen"]
[Date "2004.??.??"]
[Round "?"]
[White "Schluenss, Florian"]
[Black "Zupcevic, Damir"]
[Result "1/2-1/2"]
[WhiteElo "1770"]
[BlackElo "1930"]
[PlyCount "127"]
[EventDate "2004.??.??"]
[EventType "tourn"]
[EventRounds "9"]
[EventCountry "GER"]
[SourceTitle "EXT 2009"]
[Source "ChessBase"]
[SourceDate "2008.11.26"]
[SourceVersion "1"]
[SourceVersionDate "2008.11.26"]
[SourceQuality "1"]

1. c4 f5 2. d4 Nf6 3. Nf3 g6 4. b3 Bg7 5. Bb2 d6 6. d5 0-0 7. e3 c6 8. Nc3 Bd7 9. Qd2 Na6 10. Be2 Qa5 11. dxc6 bxc6 12. 0-0 Ne4 13. Nxe4 Qxd2 14. Nexd2 Bxb2 15. Rab1 Bg7 16. Nd4 e5 17. Nc2 Nc7 18. Rfd1 Kf7 19. Nf3 Ke7 20. b4 Rab8 21. a4 Rb7 22. Na3 Rfb8 23. b5 Bf6 24. Ne1 d5 25. cxd5 cxd5 26. Nec2 a6 27. bxa6 Rxb1 28. Rxb1 Rxb1+ 29. Nxb1 Bxa4 30. Nb4 Kd6 31. Nc3 Bc6 32. Nxc6 Kxc6 33. Na4 Be7 34. Kf1 Bc5 35. Ke1 Ba7 36. Kd2 Ne6 37. g3 d4 38. Bc4 Ng5 39. Ke2 dxe3 40. fxe3 h6 41. h4 Ne4 42. Bf7 Nxg3+ 43. Kf3 Nf1 44. Bxg6 Nxe3 45. Be8+ Kc7 46. Nc3 Nc2 47. Nb5+ Kb6 48. Nd6 Nd4+ 49. Kg2 Kxa6 50. Nf7 e4 51. Nxh6 f4 52. Bg6 f3+ 53. Kf1 e3 54. Bd3+ Kb7 55. Nf5 e2+ 56. Ke1 Bc5 57. Bxe2 Nxe2 58. h5 Nf4 59. h6 Ng6 60. h7 Kc6 61. Nh4 f2+ 62. Kf1 Nh8 63. Nf3 Be3 64. Nh2 1/2-1/2

[Event "SJRP-ch U16"]
[Site "Germany"]
[Date "2002.04.03"]
[Round "3"]
[White "Schuh, Gerhard"]
[Black "Schluenss, Florian"]
[Result "1/2-1/2"]
[WhiteElo "1736"]
[BlackElo "1641"]
[PlyCount "118"]
[EventDate "2002.04.02"]
[EventType "swiss"]
[EventRounds "7"]
[EventCountry "GER"]
[SourceTitle "EXT 2003"]
[Source "ChessBase"]
[SourceDate "2002.11.25"]
[SourceVersion "1"]
[SourceVersionDate "2002.11.25"]
[SourceQuality "1"]

1. e4 e6 2. d4 d5 3. e5 c5 4. c3 Nc6 5. Nf3 Nge7 6. Bd3 Nf5 7. Bxf5 exf5 8. 0-0 Be6 9. Qb3 Rb8 10. Be3 c4 11. Qd1 Be7 12. a4 a6 13. Na3 b5 14. axb5 axb5 15. b4 cxb3 16. Qxb3 Na5 17. Qc2 b4 18. cxb4 Bxb4 19. Nd2 0-0 20. Rfb1 Bxa3 21. Rxb8 Qxb8 22. Rxa3 Qb4 23. Qa4 Qxa4 24. Rxa4 Nc4 25. Nxc4 dxc4 26. Kf1 h6 27. Ra5 Rd8 28. g3 Bd5 29. Rc5 Be4 30. Ke1 Bd3 31. d5 Kf8 32. d6 f6 33. e6 Rxd6 34. Rc8+ Ke7 35. Bc5 Kxe6 36. Bxd6 Kxd6 37. Rg8 g5 38. Rh8 Ke6 39. Rxh6 Kf7 40. Rh7+ Kg6 41. Rc7 g4 42. Kd2 Kh6 43. Ke3 Kg5 44. Rc8 Kg6 45. Kf4 Be2 46. Rc7 Bd3 47. f3 Kh5 48. Rc5 gxf3 49. Kxf3 Kg5 50. h4+ Kh5 51. Kf4 Kg6 52. Rc7 Kh6 53. Rd7 Kg6 54. Rc7 Kh6 55. Rc5 Kg6 56. h5+ Kxh5 57. g4+ Kg6 58. gxf5+ Kf7 59. Kg4 Be2+ 1/2-1/2

[Event "SJRP-ch U16"]
[Site "Germany"]
[Date "2002.04.03"]
[Round "2"]
[White "Wayand, Stefan"]
[Black "Schluenss, Florian"]
[Result "1-0"]
[WhiteElo "1609"]
[BlackElo "1641"]
[PlyCount "57"]
[EventDate "2002.04.02"]
[EventType "swiss"]
[EventRounds "7"]
[EventCountry "GER"]
[SourceTitle "EXT 2003"]
[Source "ChessBase"]
[SourceDate "2002.11.25"]
[SourceVersion "1"]
[SourceVersionDate "2002.11.25"]
[SourceQuality "1"]

1. d4 Nf6 2. Nf3 e6 3. Bf4 b6 4. e3 Bb7 5. h3 c5 6. c3 d5 7. Nbd2 Bd6 8. Bxd6 Qxd6 9. Ne5 Nbd7 10. Ndf3 0-0 11. Bd3 Rac8 12. Rc1 cxd4 13. exd4 a6 14. a4 h6 15. 0-0 Qe7 16. Re1 Ne8 17. Re3 Rc7 18. Nxd7 Rxd7 19. Ne5 Rc7 20. Rg3 Nd6 21. Qh5 f5 22. Qxh6 Rf6 23. Qh5 Nc4 24. Bxc4 dxc4 25. Ng6 Qe8 26. Qh8+ Kf7 27. Ne5+ Ke7 28. Rxg7+ Kd8 29. Rg8 1-0